Słowa zakończone literą O - Statystyki

Ogólne statystyki
  • Ten quiz został rozwiązany 24 razy
  • Średni wynik to 28 z 179
Statystyki odpowiedzi
Odpowiedź % Poprawnych
oko
55%
wino
50%
masło
45%
okno
45%
piwo
45%
radio
45%
ucho
45%
wiadro
45%
zło
45%
auto
40%
koło
40%
mleko
40%
mydło
40%
złoto
40%
drewno
35%
drzewo
35%
jajko
35%
miasto
35%
molo
35%
awokado
30%
biuro
30%
błoto
30%
ciasto
30%
dziecko
30%
kakao
30%
konto
30%
krzesło
30%
lato
30%
niebo
30%
państwo
30%
płótno
30%
pudło
30%
siano
30%
siodło
30%
srebro
30%
wiosło
30%
bydło
25%
gardło
25%
jutro
25%
kino
25%
łóżko
25%
mięso
25%
pomelo
25%
rondo
25%
widowisko
25%
wiertło
25%
winogrono
25%
żebro
25%
bagno
20%
ciało
20%
ciastko
20%
czoło
20%
dłuto
20%
dobro
20%
futro
20%
godło
20%
jabłko
20%
jezioro
20%
kolano
20%
lustro
20%
metro
20%
mrowisko
20%
ognisko
20%
pióro
20%
polo
20%
prawo
20%
słowo
20%
światło
20%
szkło
20%
udo
20%
warzywo
20%
ziarno
20%
żyto
20%
awizo
15%
euro
15%
gniazdo
15%
jadło
15%
jojo
15%
logo
15%
małżeństwo
15%
mango
15%
rano
15%
sedno
15%
sitko
15%
szydło
15%
tango
15%
tło
15%
tornado
15%
widmo
15%
wszystko
15%
białko
10%
biodro
10%
boisko
10%
bolerko
10%
cygaro
10%
imadło
10%
koryto
10%
łono
10%
miano
10%
nazwisko
10%
oregano
10%
patio
10%
piękno
10%
płuco
10%
podwórko
10%
powidło
10%
ranczo
10%
rodzeństwo
10%
saldo
10%
sprzęgło
10%
stado
10%
ufo
10%
wideo
10%
żelazo
10%
bajoro
5%
bingo
5%
bistro
5%
bóstwo
5%
cło
5%
dno
5%
dziąsło
5%
echo
5%
kłamstwo
5%
kopyto
5%
królestwo
5%
lasso
5%
leczo
5%
lenistwo
5%
ogniwo
5%
pianino
5%
pismo
5%
runo
5%
ryzyko
5%
salto
5%
sidło
5%
studio
5%
sumo
5%
szambo
5%
tempo
5%
tętno
5%
wahadło
5%
wapno
5%
widziadło
5%
żądło
5%
źdźbło
5%
zero
5%
zjawisko
5%
afro
0%
audio
0%
bezpieczeństwo
0%
dzieło
0%
hasło
0%
igloo
0%
jądro
0%
jelito
0%
judo
0%
kąpielisko
0%
kimono
0%
kowadło
0%
krzesiwo
0%
ksero
0%
męstwo
0%
obozowisko
0%
pasmo
0%
piętno
0%
piętro
0%
ramionko
0%
rodeo
0%
ścięgno
0%
stereo
0%
szkliwo
0%
tworzywo
0%
urwisko
0%
wieczko
0%
wysypisko
0%
zioło
0%
żniwo
0%
zoo
0%
źródło
0%
Nie znaleziono quizów pasujących do podanych kryteriów
Rozkład punktacji
Procent ludzi z każdym wynikiem
Percentyl według liczby udzielonych odpowiedzi
Twoja historia wyników
Nie rozwiązałeś tego quizu